000 01025nam a2200265 a 4500
001 63301
003 BD-RjUL
005 20211209081159.0
008 170129s19681968nyu 001 0 eng d
035 _a(BD-RjUL)63430
040 _aBD-RjUL
_cBD-RjUL
_dBD-RjUL
_beng
041 _aeng
082 _223
_a378
_bNEI 1968
100 1 _aNewman, John Henry,
_d1801-1890.
_9188375
245 1 4 _aThe idea of a university defined and illustrated :
_b In nine discourses delivered to the Catholics of Dublin in occasional lectures and essays addressed to members of the Catholic University /
_cJohn Henry Newman; Martin J Svaglic
260 _aNew York :
_bRinehart,
_cc1960 [reprinted 1968]
300 _axlvi, 428 p. ;
_c19 cm.
490 _aRinehart editions ;
_vno. 102.
500 _aIncludes index
650 0 _aUniversities and colleges
_xPhilosophy
_9188376
650 0 _aEducation, Higher
_xPhilosophy.
_9188377
700 _aSvaglic, Martin J.
_9188378
830 _aRinehart editions ;
_vno. 102.
_9188386
942 _2ddc
_cBK
999 _c63301
_d63301